|
|
|
|
| LEADER |
02166nam a22004095i 4500 |
| 001 |
978-94-6300-226-4 |
| 003 |
DE-He213 |
| 005 |
20151110141135.0 |
| 007 |
cr nn 008mamaa |
| 008 |
151030s2015 ne | s |||| 0|eng d |
| 020 |
|
|
|a 9789463002264
|9 978-94-6300-226-4
|
| 024 |
7 |
|
|a 10.1007/978-94-6300-226-4
|2 doi
|
| 040 |
|
|
|d GrThAP
|
| 050 |
|
4 |
|a L1-991
|
| 072 |
|
7 |
|a JN
|2 bicssc
|
| 072 |
|
7 |
|a EDU000000
|2 bisacsh
|
| 082 |
0 |
4 |
|a 370
|2 23
|
| 245 |
1 |
0 |
|a Indigenous Innovation
|h [electronic resource] :
|b Universalities and Peculiarities /
|c edited by Elizabeth Sumida Huaman, Bharath Sriraman.
|
| 264 |
|
1 |
|a Rotterdam :
|b SensePublishers :
|b Imprint: SensePublishers,
|c 2015.
|
| 300 |
|
|
|a VIII, 214 p.
|b online resource.
|
| 336 |
|
|
|a text
|b txt
|2 rdacontent
|
| 337 |
|
|
|a computer
|b c
|2 rdamedia
|
| 338 |
|
|
|a online resource
|b cr
|2 rdacarrier
|
| 347 |
|
|
|a text file
|b PDF
|2 rda
|
| 490 |
1 |
|
|a Advances in Innovation Education
|
| 520 |
|
|
|a Rooted in diverse cultures and in distinct regions of the world, Indigenous people have for generations created, maintained, and negotiated clear and explicit relationships with their environments. Despite numerous historical disruptions and steady iterations of imperialism that continue through today, Indigenous communities embody communities of struggle/resistance and intense vitality/creativity. In this work, a fellowship of Indigenous research has emerged, and our collective intent is to share critical narratives that link together Indigenous worldviews, culturally-based notions of ecology, and educational practices in places and times where human relationships with the world that are restorative, transformative, and just are being sought.
|
| 650 |
|
0 |
|a Education.
|
| 650 |
1 |
4 |
|a Education.
|
| 650 |
2 |
4 |
|a Education, general.
|
| 700 |
1 |
|
|a Huaman, Elizabeth Sumida.
|e editor.
|
| 700 |
1 |
|
|a Sriraman, Bharath.
|e editor.
|
| 710 |
2 |
|
|a SpringerLink (Online service)
|
| 773 |
0 |
|
|t Springer eBooks
|
| 830 |
|
0 |
|a Advances in Innovation Education
|
| 856 |
4 |
0 |
|u http://dx.doi.org/10.1007/978-94-6300-226-4
|z Full Text via HEAL-Link
|
| 912 |
|
|
|a ZDB-2-SHU
|
| 950 |
|
|
|a Humanities, Social Sciences and Law (Springer-11648)
|